| 000 | 00986nam a2200193 a 4500 | ||
|---|---|---|---|
| 008 | 180914s2016 ||||||||||||||||| || u | ||
| 020 | _a9781506305837 | ||
| 050 | _aJA 86 Pol | ||
| 100 | _aPollock, Philip H | ||
| 245 | 1 | 4 |
_aThe essentials of political analysis. (5th ed.) _cBy Philip H. Pollock |
| 250 | _a5th edition | ||
| 260 |
_aLos Angeles _bSAGE Publications _c2016 |
||
| 300 | _axxii, 255p.: ill. | ||
| 350 | _a74.35 | ||
| 650 | _aPOLITICAL SCIENCE--RESEARCH--METHODOLOGY--TEXTBOOKS | ||
| 995 |
_aANNEX COLLECTION (Main Library) _e748669 _FCBU-MAIN LIBRARY (Kitwe) _I74.35 _jJA 86 Pol _M3 _UAVAILABLE _WSep 20, 2018 _y748669 _ZAnnex Low-Usage Collection |
||
| 995 |
_aMAIN LIBRARY OPEN ACCESS _e748668 _FCBU-MAIN LIBRARY (Kitwe) _I74.35 _jJA 86 Pol _M2 _UAVAILABLE _WSep 20, 2018 _y748668 _ZMain Library Open Access Collection |
||
| 995 |
_aMAIN LIBRARY OPEN ACCESS _e748667 _FCBU-MAIN LIBRARY (Kitwe) _I74.35 _jJA 86 Pol _M1 _UAVAILABLE _WSep 20, 2018 _y748667 _ZMain Library Open Access Collection |
||
| 999 |
_c62850 _d62850 |
||